| Tag |
First Indicator |
Second Indicator |
Subfields |
| LEADER |
00000cam a22000004a 4500 |
| 001 |
in00001717618 |
| 005 |
20151024183427.0 |
| 008 |
011206s2002 ctu b 001 0 eng |
| 010 |
|
|
|a 2001058633
|
| 020 |
|
|
|a 0313314489 (alk. paper)
|
| 035 |
|
|
|a (OCoLC)ocm48613191
|
| 040 |
|
|
|a DLC
|c DLC
|d C#P
|d TXA
|d UtOrBLW
|
| 042 |
|
|
|a pcc
|
| 043 |
|
|
|a n-us---
|
| 049 |
|
|
|a TXAM
|
| 050 |
0 |
0 |
|a KF9646
|b .T66 2002
|
| 082 |
0 |
0 |
|a 345.73/056
|2 21
|
| 100 |
1 |
|
|a Tomkovicz, James J.
|
| 245 |
1 |
4 |
|a The right to the assistance of counsel :
|b a reference guide to the United States Constitution /
|c James J. Tomkovicz ; foreword by Yale Kamisar.
|
| 264 |
|
1 |
|a Westport, Conn. :
|b Greenwood Press,
|c 2002.
|
| 300 |
|
|
|a xxv, 258 pages ;
|c 25 cm.
|
| 336 |
|
|
|a text
|b txt
|2 rdacontent
|
| 337 |
|
|
|a unmediated
|b n
|2 rdamedia
|
| 338 |
|
|
|a volume
|b nc
|2 rdacarrier
|
| 490 |
1 |
|
|a Reference guides to the United States Constitution,
|x 1539-8986 ;
|v no. 1
|
| 504 |
|
|
|a Includes bibliographical references (pages [215]-249) and index.
|
| 650 |
|
0 |
|a Right to counsel
|z United States.
|
| 610 |
1 |
0 |
|a United States.
|t Constitution.
|n 6th Amendment.
|
| 830 |
|
0 |
|a Reference guides to the United States Constitution.
|x 1539-8986 ;
|v no. 1.
|
| 948 |
|
|
|a cataloged
|b h
|c 2002/12/5
|d c
|e mphillip
|f 1:58:12 pm
|
| 994 |
|
|
|a E0
|b TXA
|
| 999 |
|
|
|a MARS
|
| 999 |
f |
f |
|s 7329a64f-f24e-3c47-83e3-25b44800b10c
|i 0aaf5d8e-fc3c-3b71-980f-76849595660d
|t 0
|
| 952 |
f |
f |
|p ric
|a Texas A&M University
|b Rellis Campus
|c Joint Library Facility
|d Remote Storage
|t 0
|e KF9646 .T66 2002
|h Library of Congress classification
|i unmediated -- volume
|m A14829447771
|
| 998 |
f |
f |
|a KF9646 .T66 2002
|t 0
|l Remote Storage
|